Tres moñitos no ; (Registro nro. 7500)

Detalles MARC
000 -LIDER
fixed length control field 01118nam a2200325 a 4500
001 - NÚMERO DE CONTROL
Identificador de número de control 000022641
003 - IDENTIFICACDOR DE NÚMERO DE CONTROL
control field DO-SdBNP
005 - DATE AND TIME OF LATEST TRANSACTION
control field 20230502084429.0
007 - CAMPOS FIJOS DE DESCRIPCIÓN FÍSICA
fixed length control field 000022641
008 - ELEMENTOS DE LONGITUD FIJA
fixed length control field 101014s20uu dr a 000 j spa d
020 ## - ISBN
Canceled/invalid ISBN 945426451
040 ## - FUENTE DE CATALOGACIÓN
Agencia que crea de manera original el registro BPMSU
Idioma de catalogación spa
Agencia que realiza la transcripción BPMSU
082 #4 - NÚMERO DE CLASIFICACIÓN DECIMAL DE DEWEY
Classification number RD863.5
Item number R282t
Edition number 22
092 ## - LOCALLY ASSIGNED DEWEY DECIMAL CALL NUMBER
Número de clasificación xxxx
Número de ítem (Cutter) xxxx
100 1# - ASIENTO PRINCIPAL -- NOMBRE PERSONAL
Nombre personal Read Escobal, Virginia
Fechas asociadas con el nombre 1963-
245 10 - MENCIÓN DE TITULO
Título Tres moñitos no ;
Subtítulo Carlitos James busca un cundeamor /
Mención de responsabilidad Virginia Read Escobal
246 13 - VARIACION DEL TÍTULO
Título propiamente dicho o título corto Carlitos James busca un cundeamor
260 ## - PUBLICACIÓN, DISTRIBUCIÓN, ETC. (PIE DE IMPRENTA)
Lugar de publicación, distribución, etc Santo Domingo :
Nombre del editor, distribuidor, etc. Ediciones SM,
Fecha de publicación, distribución, etc [200?].
300 ## - DESCRIPCIÓN FÍSICA
Extensión 63 p. ;
Dimensiones 19 cm.
490 0# - MENCIÓN DE SERIES
Mención de serie El barco de vapor,
Volume/sequential designation 2
500 ## - NOTA GENERAL
Nota general Incluye datos biográficos de la autora en la contracubierta
505 0# - NOTA DE CONTENIDO
Título Tres moñitos no --
-- Carlitos James busca un cundeamor.
563 ## - INFORMACIÓN DE LA ENCUADERNACIÓN
Nota de la encuadernación Dos obras encuadernadas juantas con paginación continua
590 ## - NOTA LOCAL
Enlace Inventariado, 2023/VM
650 #4 - ENCABEZAMIENTO DE MATERIA--TEMÁTICO
Término temático o nombre geográfico como elemento de entrada Cuentos infantiles dominicanos
650 #4 - ENCABEZAMIENTO DE MATERIA--TEMÁTICO
Término temático o nombre geográfico como elemento de entrada Literatura infantil dominicana
740 ## - ASIENTO SECUNDARIO DE TÍTULOS RELACIONADOS O ANALÍTICOS NO CONTROLADOS
Título analítico o relacionado no controlado Carlitos James busca un cundeamor
910 ## - VALIDACIÓN
Validación VMateo V.Control de caldad (BPMSU)
942 ## - ADDED ENTRY ELEMENTS (KOHA)
Source of classification or shelving scheme Dewey Decimal Classification
Koha item type Libros
Existencias
Withdrawn status Lost status Source of classification or shelving scheme Damaged status Not for loan Collection code Home library Current library Date acquired Source of acquisition Full call number Barcode Date last seen Price effective from Koha item type Copy number Total Checkouts
    Dewey Decimal Classification     Colección Dominicana Biblioteca Pública Metropolitana Salomé Ureña Biblioteca Pública Metropolitana Salomé Ureña 02/24/2015 Donado BPMSU CDI RD863.5 R282t BPMSU15040153 02/24/2015 02/24/2015 Libros    
    Dewey Decimal Classification     Colección Dominicana Biblioteca Pública Metropolitana Salomé Ureña Biblioteca Pública Metropolitana Salomé Ureña 09/02/2016 Donado BPMSU CDI RD863.5 R282t BPMSU15040154 02/24/2015 02/24/2015 Libros e. 2  
    Dewey Decimal Classification     Colección Infantil Dominicana Biblioteca Pública Metropolitana Salomé Ureña Biblioteca Pública Metropolitana Salomé Ureña 09/02/2016 Donado BPMSU CDI RD863.5 R282t BPMSU16090095 09/02/2016 09/02/2016 Libros e.3